| 000 | 00733cam a2200253 a 4500 | ||
|---|---|---|---|
| 999 |
_c3345 _d3345 |
||
| 001 | 3086870 | ||
| 003 | OSt | ||
| 005 | 20231120151929.0 | ||
| 008 | 980330s1998 cau 000 1 eng | ||
| 010 | _a 98009097 | ||
| 020 | _a9780787944339 | ||
| 040 |
_aDLC _cDLC _dDLC _dKH8 |
||
| 082 | _a813.54 LEN | ||
| 100 | 1 |
_aLencioni, Patrick, _d1965- _eauthor. |
|
| 245 | 1 | 4 |
_aThe five temptations of a CEO : _ba leadership fable / _cPatrick Lencioni. |
| 250 | _a1st ed. | ||
| 260 |
_aSan Francisco : _bJossey-Bass, _cc1998. |
||
| 300 |
_aix, 134 p. ; _c22 cm. |
||
| 650 | 0 |
_aChief executive officers _xFiction. |
|
| 650 | 0 |
_aLeadership _xFiction. |
|
| 655 | 7 |
_aDidactic fiction. _2gsafd |
|
| 655 | 7 |
_aFables. _2gsafd |
|
| 942 |
_2ddc _cNFIC |
||